[Event "Xtracon Open 2019"]
[Site "Helsingor"]
[Date "2019.07.23"]
[Round "5.11"]
[White "Zude, Erik"]
[Black "Hansen, Sune Berg"]
[Result "0-1"]
[WhiteElo "2385"]
[BlackElo "2575"]
[Annotator "ChessBase"]
[PlyCount "78"]
[EventDate "2019.07.19"]
[EventType "swiss"]
[EventCountry "DEN"]
[SourceTitle "playchess.com"]
[Source "ChessBase"]
[SourceQuality "1"]

1. c4 e5 2. Nc3 Nc6 3. Nf3 g6 4. d4 exd4 5. Nxd4 Bg7 6. Nxc6 bxc6 7. g3 Ne7 8. Bg2 O-O 9. O-O Rb8 10. Qc2 c5 11. Bg5 h6 12. Bxe7 Qxe7 13. b3 Re8 14. Nd5 Qd8 15. Rad1 d6 16. Qd2 Bb7 17. Rfe1 h5 18. h4 Kf8 19. e3 Bc8 20. Bf3 Be5 21. Bg2 Bg4 22. Rc1 c6 23. Nc3 Qc7 24. Ne4 Rbd8 25. Ng5 Kg8 26. Rb1 Bg7 27. b4 d5 28. bxc5 dxc4 29. Qb4 c3 30. Rbc1 Rb8 31. Qa4 Rb5 32. Qc4 Reb8 33. a3 Qe7 34. Bxc6 Rxc5 35. Qf4 Rb2 36. Bf3 Rf5 37. Qe4 Qxe4 38. Bxe4 Rfxf2 39. Bd5 Rbd2 0-1

[Event "Xtracon Open 2019"]
[Site "Helsingor"]
[Date "2019.07.23"]
[Round "5.11"]
[White "Gong, Patrick"]
[Black "Machlik, Edit"]
[Result "1-0"]
[WhiteElo "2336"]
[BlackElo "2075"]
[Annotator "NA"]
[PlyCount "47"]
[EventDate "2019.07.19"]
[EventType "swiss"]
[EventCountry "DEN"]
[SourceTitle "playchess.com"]
[Source "ChessBase"]
[SourceQuality "1"]

1. g3 Nf6 2. Bg2 e5 3. d3 d5 4. Nf3 Bd6 5. O-O O-O 6. Nc3 c6 7. e4 dxe4 8. dxe4 Qe7 9. Qe2 Bg4 10. h3 Bh5 11. g4 Bg6 12. Nh4 Nbd7 13. Bg5 Bb4 14. Nd1 Qe6 15. a3 Bc5 16. Nf5 Rfd8 17. b4 Bb6 18. c4 Bd4 19. Nxd4 exd4 20. f4 h6 21. f5 Qe5 22. Bxf6 Nxf6 23. fxg6 d3 24. Qb2 1-0

[Event "Xtracon Open 2019"]
[Site "Helsingor"]
[Date "2019.07.23"]
[Round "5.11"]
[White "Thybo, Thomas Sondergaard"]
[Black "Nilsson, Patrik"]
[Result "1-0"]
[WhiteElo "2104"]
[BlackElo "2223"]
[Annotator "NA"]
[PlyCount "59"]
[EventDate "2019.07.19"]
[EventType "swiss"]
[EventCountry "DEN"]
[SourceTitle "playchess.com"]
[Source "ChessBase"]
[SourceQuality "1"]

1. e4 d6 2. d4 Nf6 3. Nc3 Nbd7 4. f4 e5 5. Nf3 exd4 6. Qxd4 c6 7. Be3 Be7 8. O-O-O Qc7 9. h3 O-O 10. g4 d5 11. e5 Bc5 12. Qd2 Ne4 13. Nxe4 dxe4 14. Ng5 Qb6 15. Bxc5 Nxc5 16. Bc4 Be6 17. Nxe6 Nxe6 18. f5 e3 19. Qe2 Nf4 20. Qf3 Nd5 21. Bxd5 cxd5 22. f6 gxf6 23. exf6 d4 24. Qf4 Kh8 25. Rxd4 Rae8 26. c3 e2 27. Re1 Qc6 28. h4 Qe6 29. a3 Rd8 30. Qg5 1-0

[Event "Xtracon Open 2019"]
[Site "Helsingor"]
[Date "2019.07.23"]
[Round "5.12"]
[White "Grove, Peter"]
[Black "Hauge, Lars Oskar"]
[Result "0-1"]
[WhiteElo "2239"]
[BlackElo "2476"]
[Annotator "ChessBase"]
[PlyCount "120"]
[EventDate "2019.07.19"]
[EventType "swiss"]
[EventCountry "DEN"]
[SourceTitle "playchess.com"]
[Source "ChessBase"]
[SourceQuality "1"]

1. Nf3 f5 2. d3 d6 3. e4 e5 4. Nc3 Nc6 5. d4 fxe4 6. Nxe4 d5 7. Nc3 e4 8. Bg5 Be7 9. Bxe7 Ngxe7 10. Ng1 O-O 11. Qd2 Nf5 12. Nge2 Nce7 13. Ng3 Ng6 14. O-O-O c6 15. Nxf5 Rxf5 16. Re1 Nh4 17. Nd1 Qf6 18. Re3 Be6 19. f3 Rf8 20. Qe1 exf3 21. Rxe6 Qg5+ 22. Qe3 fxg2 23. Bxg2 Nxg2 24. Qxg5 Rxg5 25. Re7 Rf7 26. Re8+ Rf8 27. Re7 Nf4 28. Rxb7 Ne2+ 29. Kb1 Nxd4 30. Rxa7 Rg2 31. c3 Nf3 32. a4 Nd2+ 33. Ka2 Rb8 34. a5 Rg4 35. b4 d4 36. a6 dxc3 37. Nxc3 Rgxb4 38. Rg1 g6 39. Rg3 Rb2+ 40. Ka1 R2b3 41. Ka2 Nc4 42. Na4 R3b4 43. Nc3 Rb2+ 44. Ka1 Na3 45. Rb7 R2xb7 46. axb7 Rxb7 47. Ne4 Nc2+ 48. Ka2 Nd4 49. Rd3 Nf5 50. Rc3 Rc7 51. Kb3 Kf7 52. Kc4 Ke6 53. Kc5 Ke5 54. Ng5 h6 55. Kb6 Re7 56. Nf3+ Kf4 57. Kxc6 g5 58. Nd2 Re2 59. Rf3+ Kg4 60. h3+ Kh4 0-1

[Event "Xtracon Open 2019"]
[Site "Helsingor"]
[Date "2019.07.23"]
[Round "5.12"]
[White "Jaksland, Tim"]
[Black "Fjallheim, Leif Reinert"]
[Result "1-0"]
[WhiteElo "2230"]
[BlackElo "1883"]
[Annotator "NA"]
[PlyCount "37"]
[EventDate "2019.07.19"]
[EventType "swiss"]
[EventCountry "DEN"]
[SourceTitle "playchess.com"]
[Source "ChessBase"]
[SourceQuality "1"]

1. Nf3 Nf6 2. c4 e6 3. g3 b6 4. Bg2 Bb7 5. O-O Be7 6. Nc3 d5 7. cxd5 Nxd5 8. Re1 O-O 9. e4 Nf6 10. d4 Bb4 11. Qc2 h6 12. a3 Bxc3 13. bxc3 Na6 14. e5 Nd7 15. Ng5 hxg5 16. Bxb7 Nab8 17. Bxa8 c6 18. Qe4 c5 19. Qg4 1-0

[Event "Xtracon Open 2019"]
[Site "Helsingor"]
[Date "2019.07.23"]
[Round "5.12"]
[White "Schweitzer, Werner"]
[Black "Nasshan, Dennis"]
[Result "0-1"]
[WhiteElo "2072"]
[BlackElo "2314"]
[Annotator "NA"]
[PlyCount "100"]
[EventDate "2019.07.19"]
[EventType "swiss"]
[EventCountry "DEN"]
[SourceTitle "playchess.com"]
[Source "ChessBase"]
[SourceQuality "1"]

1. e4 c6 2. d4 d5 3. Nd2 dxe4 4. Nxe4 Bf5 5. Ng3 Bg6 6. h4 h6 7. Nf3 Nd7 8. h5 Bh7 9. Bd3 Bxd3 10. Qxd3 e6 11. Bd2 Ngf6 12. O-O-O Be7 13. Kb1 Qb6 14. Ne4 Rd8 15. Nxf6+ Nxf6 16. Qe2 Qb5 17. Qxb5 cxb5 18. c3 Bd6 19. Rde1 O-O 20. Ne5 Bxe5 21. Rxe5 Rd5 22. f3 Rfd8 23. Bf4 b4 24. g4 bxc3 25. bxc3 Rc8 26. Rc1 Rc4 27. Kb2 a6 28. Rxd5 Nxd5 29. Bd2 b5 30. a3 Nb6 31. Bf4 Kh7 32. Bd2 Ra4 33. Ra1 Nc4+ 34. Kc2 Rxa3 35. Rxa3 Nxa3+ 36. Kb3 Nc4 37. Bf4 a5 38. Bc7 Kg8 39. f4 Kf8 40. Bd8 Ke8 41. Bh4 Ne3 42. g5 Nd5 43. Bg3 a4+ 44. Kb2 Kd7 45. Bh2 Kc6 46. Bg3 Ne3 47. Ka3 Kd5 48. Bh4 Kc4 49. gxh6 gxh6 50. Bf6 Nd5 0-1

[Event "Xtracon Open 2019"]
[Site "Helsingor"]
[Date "2019.07.23"]
[Round "5.13"]
[White "Kjartansson, Gudmundur"]
[Black "Nielsen, Viktor Haarmark"]
[Result "0-1"]
[WhiteElo "2470"]
[BlackElo "2254"]
[Annotator "ChessBase"]
[PlyCount "120"]
[EventDate "2019.07.19"]
[EventType "swiss"]
[EventCountry "DEN"]
[SourceTitle "playchess.com"]
[Source "ChessBase"]
[SourceQuality "1"]

1. Nf3 d5 2. g3 Nf6 3. Bg2 b5 4. O-O Bb7 5. d3 e6 6. e4 Be7 7. e5 Nfd7 8. h4 c5 9. c4 Qb6 10. b3 a6 11. Qe2 dxc4 12. dxc4 Nc6 13. Bb2 O-O 14. Nbd2 Rad8 15. Rfe1 Ndb8 16. Ne4 Nd4 17. Nxd4 cxd4 18. Rac1 bxc4 19. Qxc4 Nc6 20. Nc5 Na5 21. Qc2 Bxg2 22. Kxg2 Rc8 23. Bxd4 Nc6 24. Be3 Nxe5 25. Qe4 Bxc5 26. Rxc5 Rxc5 27. Bxc5 Qxc5 28. Qxe5 Qc6+ 29. Qe4 Rc8 30. Qxc6 Rxc6 31. b4 Rc2 32. a3 Ra2 33. Re3 h5 34. Kf3 g6 35. Rc3 Kf8 36. Ke3 Ke7 37. f4 Kd6 38. Ke4 f6 39. Rd3+ Kc6 40. Kd4 Ra1 41. Kc4 Rc1+ 42. Rc3 Ra1 43. a4 Rb1 44. Rc2 Ra1 45. Kb3+ Kd6 46. b5 axb5 47. axb5 Kd5 48. Kb4 Rb1+ 49. Ka5 e5 50. fxe5 fxe5 51. b6 e4 52. Rc8 e3 53. Re8 Kc5 54. Rc8+ Kd4 55. Rd8+ Ke4 56. Re8+ Kf3 57. Ka6 e2 58. b7 e1=Q 59. b8=Q Qf1+ 60. Ka7 Qf2+ 0-1

[Event "Xtracon Open 2019"]
[Site "Helsingor"]
[Date "2019.07.23"]
[Round "5.13"]
[White "Welling, Gerard"]
[Black "Gregor, Bjarke"]
[Result "1-0"]
[WhiteElo "2310"]
[BlackElo "2064"]
[Annotator "NA"]
[PlyCount "91"]
[EventDate "2019.07.19"]
[EventType "swiss"]
[EventCountry "DEN"]
[SourceTitle "playchess.com"]
[Source "ChessBase"]
[SourceQuality "1"]

1. e4 c5 2. d3 Nc6 3. g3 d5 4. Nd2 Nf6 5. Bg2 dxe4 6. dxe4 e5 7. Ngf3 Qc7 8. O-O Bg4 9. c3 Rd8 10. Qc2 Be7 11. Nc4 h6 12. Ne3 Be6 13. Re1 O-O 14. Nf5 Rfe8 15. Nxe7+ Rxe7 16. Nh4 Red7 17. Nf5 Bxf5 18. exf5 Rd3 19. Be3 Qd7 20. Qa4 e4 21. Bxe4 b5 22. Bxc6 Qxc6 23. Qf4 Ne4 24. h4 Nd2 25. Bxd2 Rxd2 26. a4 Rxb2 27. axb5 Qxb5 28. Rxa7 Rb1 29. Ra1 Rxa1 30. Rxa1 Qb2 31. Qc1 Qxc1+ 32. Rxc1 c4 33. Re1 Rd3 34. Re3 Rd5 35. Re4 Rc5 36. g4 f6 37. h5 Kf7 38. f3 Rd5 39. Rxc4 Rd2 40. Rc7+ Kf8 41. c4 Rc2 42. c5 Kg8 43. c6 Kf8 44. Kf1 Kg8 45. Ke1 Kf8 46. Kd1 1-0

[Event "Xtracon Open 2019"]
[Site "Helsingor"]
[Date "2019.07.23"]
[Round "5.13"]
[White "Pedersen, Lars Foldager"]
[Black "Rossen, Claus"]
[Result "0-1"]
[WhiteElo "1967"]
[BlackElo "2217"]
[Annotator "NA"]
[PlyCount "82"]
[EventDate "2019.07.19"]
[EventType "swiss"]
[EventCountry "DEN"]
[SourceTitle "playchess.com"]
[Source "ChessBase"]
[SourceQuality "1"]

1. Nf3 Nf6 2. g3 b5 3. Bg2 Bb7 4. O-O c5 5. c3 e6 6. d3 d5 7. Nbd2 Be7 8. Qc2 O-O 9. e4 Nc6 10. e5 Nd7 11. d4 Rc8 12. Qd3 cxd4 13. cxd4 Nb4 14. Qe2 Qb6 15. Nb3 a5 16. Bd2 Rc2 17. a3 Nc6 18. Qd3 Rc4 19. Be3 Ba6 20. Nbd2 b4 21. Qb1 bxa3 22. Nxc4 Bxc4 23. bxa3 Bxf1 24. Qxb6 Nxb6 25. Bxf1 a4 26. Bb5 Na5 27. Nd2 Rc8 28. Kg2 Rc3 29. Nb1 Rb3 30. Ba6 Nac4 31. Bc1 Rd3 32. Bxc4 Nxc4 33. Ra2 Rxd4 34. f4 Rd3 35. Rc2 Bxa3 36. Nxa3 Rxa3 37. Kf2 Rb3 38. Ke2 h5 39. Ra2 a3 40. Kd1 Rc3 41. Bd2 Rd3 0-1

[Event "Xtracon Open 2019"]
[Site "Helsingor"]
[Date "2019.07.23"]
[Round "5.14"]
[White "Heimisson, Hilmir Freyr"]
[Black "Nilsson, Eskil"]
[Result "1-0"]
[WhiteElo "2279"]
[BlackElo "2053"]
[Annotator "NA"]
[PlyCount "77"]
[EventDate "2019.07.19"]
[EventType "swiss"]
[EventCountry "DEN"]
[SourceTitle "playchess.com"]
[Source "ChessBase"]
[SourceQuality "1"]

1. c4 Nf6 2. g3 g6 3. Bg2 Bg7 4. Nc3 O-O 5. e4 d6 6. Nge2 c5 7. O-O Nc6 8. a3 Ne8 9. Rb1 Nc7 10. h3 Rb8 11. b4 cxb4 12. axb4 Ne6 13. b5 Ncd4 14. d3 Bd7 15. Be3 a5 16. Na4 b6 17. Nxd4 Nxd4 18. Qd2 Qc7 19. Nc3 Bc8 20. Ne2 Nxe2+ 21. Qxe2 e5 22. Rbc1 Be6 23. Kh2 f5 24. exf5 Bxf5 25. Qd2 Be6 26. d4 exd4 27. Bxd4 Bxd4 28. Qxd4 Qc5 29. Qd2 Rbc8 30. f4 Rcd8 31. Rfe1 Bf7 32. Bc6 Be8 33. Bd5+ Bf7 34. Re7 Qb4 35. Qe2 Qa3 36. Re1 Qc3 37. Bxf7+ Rxf7 38. Rxf7 Kxf7 39. Qe7+ 1-0

[Event "Xtracon Open 2019"]
[Site "Helsingor"]
[Date "2019.07.23"]
[Round "5.14"]
[White "Vesterli, Michael E."]
[Black "Bharath Subramaniyam H"]
[Result "0-1"]
[WhiteElo "2221"]
[BlackElo "2405"]
[Annotator "NA"]
[PlyCount "70"]
[EventDate "2019.07.19"]
[EventType "swiss"]
[EventCountry "DEN"]
[SourceTitle "playchess.com"]
[Source "ChessBase"]
[SourceQuality "1"]

1. d4 Nf6 2. c4 e6 3. Nf3 c5 4. d5 exd5 5. cxd5 d6 6. Nc3 g6 7. Bf4 a6 8. a4 Bg7 9. h3 O-O 10. e3 Qe7 11. Be2 Nbd7 12. O-O Ne8 13. Nd2 Ne5 14. Bh2 Nc7 15. Re1 Rb8 16. f4 Nd7 17. Bf3 b5 18. axb5 axb5 19. Nb3 b4 20. Na4 Ra8 21. e4 g5 22. e5 gxf4 23. exd6 Qxd6 24. Nd2 Bb7 25. Ne4 Qa6 26. Bxf4 Nxd5 27. Nd6 Nxf4 28. Nxb7 Bd4+ 29. Kh1 Nd3 30. Rf1 Nxb2 31. Nbxc5 Nxd1 32. Nxa6 Bxa1 33. Bxa8 Rxa8 34. Rxd1 Rxa6 35. Rxa1 Nc5 0-1

[Event "Xtracon Open 2019"]
[Site "Helsingor"]
[Date "2019.07.23"]
[Round "5.14"]
[White "Kunz, Andre"]
[Black "Linderod, Lars Erik"]
[Result "1-0"]
[WhiteElo "2163"]
[BlackElo "1961"]
[Annotator "NA"]
[PlyCount "59"]
[EventDate "2019.07.19"]
[EventType "swiss"]
[EventCountry "DEN"]
[SourceTitle "playchess.com"]
[Source "ChessBase"]
[SourceQuality "1"]

1. e4 c5 2. c3 Nf6 3. e5 Nd5 4. d4 cxd4 5. Nf3 Nc6 6. Bc4 Nb6 7. Bb3 d5 8. exd6 Qxd6 9. O-O Be6 10. Na3 dxc3 11. Bxe6 Qxe6 12. Nb5 Rc8 13. Re1 Qd5 14. Nd6+ Kd7 15. Nxf7 Rg8 16. N7e5+ Ke8 17. Qe2 c2 18. Bd2 Nxe5 19. Nxe5 Nc4 20. Bc3 Nxe5 21. Bxe5 Rc6 22. Bc3 Rg6 23. g3 e6 24. Qxc2 Bc5 25. Rad1 Qc6 26. Qd3 Rf8 27. Bd4 Kf7 28. Rc1 Rd8 29. Rxc5 Qxc5 30. Qxg6+ 1-0

[Event "Xtracon Open 2019"]
[Site "Helsingor"]
[Date "2019.07.23"]
[Round "5.15"]
[White "Larsen, Karsten"]
[Black "Bratholm, Palle"]
[Result "1-0"]
[WhiteElo "2254"]
[BlackElo "2052"]
[Annotator "NA"]
[PlyCount "101"]
[EventDate "2019.07.19"]
[EventType "swiss"]
[EventCountry "DEN"]
[SourceTitle "playchess.com"]
[Source "ChessBase"]
[SourceQuality "1"]

1. e4 e5 2. Bc4 Nf6 3. d3 Nc6 4. Nf3 Be7 5. O-O O-O 6. Re1 d6 7. c3 Na5 8. Bb5 a6 9. Ba4 b5 10. Bc2 c5 11. Nbd2 Nc6 12. Nf1 Re8 13. h3 Bf8 14. d4 g6 15. d5 Ne7 16. a4 Bd7 17. Bg5 Bg7 18. Qd2 Kh8 19. Ra2 Qc7 20. Nxe5 dxe5 21. d6 Qb7 22. dxe7 Be6 23. Raa1 Rxe7 24. axb5 axb5 25. Qd6 Rc8 26. Qxe5 Bb3 27. Qxf6 Rd7 28. Bxb3 Bxf6 29. Bxf6+ Kg8 30. Bd5 Qb6 31. Bg5 Kg7 32. Ne3 f6 33. Bf4 Re8 34. h4 h5 35. Ra2 Ra7 36. Rxa7+ Qxa7 37. Bc6 Re6 38. Bd5 Ra6 39. Re2 Ra1+ 40. Kh2 Rb1 41. e5 fxe5 42. Bxe5+ Kh6 43. Be4 Ra1 44. Nd5 Ra6 45. Nf6 Qf7 46. Bd5 Qf8 47. Bf4+ Kg7 48. Ne8+ Kh8 49. g3 Qf5 50. Nc7 Ra4 51. Re8+ 1-0

[Event "Xtracon Open 2019"]
[Site "Helsingor"]
[Date "2019.07.23"]
[Round "5.15"]
[White "Kvaloy, Aksel Bu"]
[Black "Roseneck, Jonas"]
[Result "0-1"]
[WhiteElo "2205"]
[BlackElo "2398"]
[Annotator "NA"]
[PlyCount "74"]
[EventDate "2019.07.19"]
[EventType "swiss"]
[EventCountry "DEN"]
[SourceTitle "playchess.com"]
[Source "ChessBase"]
[SourceQuality "1"]

1. e4 c5 2. Nf3 d6 3. d4 cxd4 4. Nxd4 Nf6 5. Nc3 a6 6. f3 e5 7. Nb3 Be6 8. Be3 h5 9. Nd5 Bxd5 10. exd5 Nbd7 11. Qd2 g6 12. Be2 Bg7 13. O-O b6 14. a4 O-O 15. h3 Qc7 16. Ra3 Qb7 17. Rd1 Rfe8 18. Nc1 Kh7 19. g4 hxg4 20. hxg4 Kg8 21. b4 Nh7 22. c4 f5 23. a5 f4 24. Bf2 Ng5 25. Kg2 bxa5 26. Rxa5 e4 27. Qxf4 exf3+ 28. Bxf3 Nxf3 29. Qxf3 Qxb4 30. Ra3 Qxc4 31. Nd3 Rf8 32. Qg3 Qxd5+ 33. Kh2 Ne5 34. Nxe5 Qxd1 35. Nxg6 Qe2 36. Nxf8 Be5 37. Ng6 Qxf2+ 0-1

[Event "Xtracon Open 2019"]
[Site "Helsingor"]
[Date "2019.07.23"]
[Round "5.15"]
[White "Jorgensen, Dennis"]
[Black "Lundberg, Roland"]
[Result "1-0"]
[WhiteElo "2140"]
[BlackElo "1958"]
[Annotator "NA"]
[PlyCount "159"]
[EventDate "2019.07.19"]
[EventType "swiss"]
[EventCountry "DEN"]
[SourceTitle "playchess.com"]
[Source "ChessBase"]
[SourceQuality "1"]

1. d4 Nf6 2. Nf3 g6 3. g3 Bg7 4. Bg2 O-O 5. O-O d5 6. c3 c6 7. Nbd2 Na6 8. Ne5 Bf5 9. Re1 c5 10. e3 Rc8 11. g4 Be6 12. h3 Nd7 13. Nd3 g5 14. Nf1 c4 15. Nb4 Nxb4 16. cxb4 Qb6 17. Bd2 Nf6 18. Ng3 h6 19. Bc3 Bd7 20. a4 a6 21. f4 Qd6 22. Qf3 e6 23. Qf2 Bc6 24. Rf1 Nd7 25. Qc2 Nb6 26. Nh5 Bh8 27. fxg5 hxg5 28. Rf2 f5 29. a5 Na8 30. gxf5 Be8 31. Qe2 exf5 32. Raf1 Bg6 33. Qf3 Nc7 34. Qg3 Qd8 35. Nf4 Bf7 36. Ne2 Bg6 37. h4 g4 38. e4 Bf6 39. exf5 Bh5 40. Qf4 Bxh4 41. Qh6 Qg5 42. Qxg5+ Bxg5 43. Ng3 Bf7 44. Bd2 Bxd2 45. Rxd2 Nb5 46. Rf4 Rfe8 47. Rxg4+ Kf8 48. Rh4 c3 49. bxc3 Nxc3 50. Kh2 Rc4 51. Rf2 Rxb4 52. f6 Bg6 53. Nf5 Bxf5 54. Rxf5 Kf7 55. Rf2 Rf8 56. Rh7+ Ke6 57. Bh3+ Kd6 58. Rd7+ Kc6 59. f7 Rxd4 60. Rf6+ Kb5 61. Rxb7+ Ka4 62. Rg6 Rf4 63. Be6 Rh8+ 64. Kg3 Ne2+ 65. Kg2 Rfh4 66. Rg4+ Nf4+ 67. Kg3 Rxg4+ 68. Bxg4 Nd3 69. Re7 Rf8 70. Bh5 Nc5 71. Kf4 Kb5 72. Ke5 Kc6 73. Bf3 Nd7+ 74. Ke6 Nc5+ 75. Kf6 Kd6 76. Re8 Nd7+ 77. Kg7 Rxf7+ 78. Kxf7 Ne5+ 79. Rxe5 Kxe5 80. Be2 1-0

[Event "Xtracon Open 2019"]
[Site "Helsingor"]
[Date "2019.07.23"]
[Round "5.16"]
[White "Miedema, David"]
[Black "Hinrichs, Lars"]
[Result "0-1"]
[WhiteElo "2387"]
[BlackElo "2234"]
[Annotator "NA"]
[PlyCount "110"]
[EventDate "2019.07.19"]
[EventType "swiss"]
[EventCountry "DEN"]
[SourceTitle "playchess.com"]
[Source "ChessBase"]
[SourceQuality "1"]

1. e4 e6 2. d4 d5 3. Nc3 Nf6 4. e5 Nfd7 5. f4 c5 6. Nf3 Nc6 7. Be3 Be7 8. Qd2 O-O 9. dxc5 Qa5 10. Nb5 Qxd2+ 11. Kxd2 Nxc5 12. Re1 Bd7 13. Nbd4 Rfc8 14. Nxc6 bxc6 15. c4 Na4 16. Kc2 c5 17. Bd3 Nb6 18. Nd2 Bc6 19. Re2 Rab8 20. Rc1 f5 21. exf6 Bxf6 22. b3 dxc4 23. Nxc4 Nd5 24. Bd2 Re8 25. Ne5 Bxe5 26. Rxe5 Nb4+ 27. Bxb4 cxb4 28. Bc4 Bxg2 29. f5 Bh3 30. fxe6 Re7 31. Rce1 g6 32. Kd3 Kg7 33. Kd4 Kf6 34. Ra5 Rb6 35. Ra4 h5 36. Kc5 Rc7+ 37. Kd4 Bxe6 38. Bxe6 Rxe6 39. Rxe6+ Kxe6 40. h4 Rc2 41. Ke3 a5 42. Kf3 Rc5 43. Kf4 Kf6 44. a3 Rb5 45. Kg3 bxa3 46. Rxa3 Kf5 47. Kh3 Ke4 48. Kh2 Kd4 49. Ra1 g5 50. hxg5 Rxg5 51. Rf1 Kc3 52. Rf3+ Kb2 53. Rh3 Rb5 54. Kg2 Rxb3 55. Rxh5 a4 0-1

[Event "Xtracon Open 2019"]
[Site "Helsingor"]
[Date "2019.07.23"]
[Round "5.16"]
[White "Mardell, Jimmy"]
[Black "Skovgaard, Tom"]
[Result "1-0"]
[WhiteElo "2134"]
[BlackElo "1954"]
[Annotator "NA"]
[PlyCount "87"]
[EventDate "2019.07.19"]
[EventType "swiss"]
[EventCountry "DEN"]
[SourceTitle "playchess.com"]
[Source "ChessBase"]
[SourceQuality "1"]

1. e4 d6 2. d4 Nf6 3. Nc3 e5 4. Nf3 Nbd7 5. Bc4 Be7 6. Ng5 O-O 7. Bxf7+ Rxf7 8. Ne6 Qe8 9. Nxc7 Qd8 10. Nxa8 b5 11. dxe5 Nxe5 12. Nd5 Nxd5 13. Qxd5 Qd7 14. a4 Bb7 15. Qxb5 Bxa8 16. Qxd7 Nxd7 17. f3 d5 18. exd5 Bxd5 19. O-O Bc5+ 20. Kh1 Ne5 21. h3 h5 22. Bg5 Rf5 23. h4 Nf7 24. Bd2 Bc4 25. Rfe1 Nd6 26. Be3 Bxe3 27. Rxe3 Rf4 28. b3 Rxh4+ 29. Kg1 Bf7 30. Rd1 Nf5 31. Re4 Rxe4 32. fxe4 Ng3 33. Rd8+ Kh7 34. Rd7 Bg6 35. Rxa7 Ne2+ 36. Kf2 Nd4 37. Rc7 Ne6 38. Rc4 Ng5 39. Ke3 Bf7 40. Rc7 Be6 41. a5 Bg4 42. a6 Ne6 43. Rc6 Nd8 44. a7 1-0

[Event "Xtracon Open 2019"]
[Site "Helsingor"]
[Date "2019.07.23"]
[Round "5.16"]
[White "AIM Tolgay Pekin"]
[Black "Olsson, Linus"]
[Result "0-1"]
[WhiteElo "2070"]
[BlackElo "2242"]
[Annotator "NA"]
[PlyCount "50"]
[EventDate "2019.07.19"]
[EventType "swiss"]
[EventCountry "DEN"]
[SourceTitle "playchess.com"]
[Source "ChessBase"]
[SourceQuality "1"]

1. e4 e5 2. Nf3 Nc6 3. d4 exd4 4. Bc4 Bc5 5. Ng5 Nh6 6. Nxf7 Nxf7 7. Bxf7+ Kxf7 8. Qh5+ g6 9. Qxc5 d6 10. Qa3 Re8 11. O-O Rxe4 12. Qf3+ Bf5 13. Nd2 Re6 14. Qb3 Ne5 15. f4 Nc6 16. h3 d5 17. g4 Re3 18. Qxb7 Qh4 19. Rf2 Rg3+ 20. Rg2 Rxh3 21. Qxc7+ Kg8 22. Re2 Rh1+ 23. Kg2 Qh2+ 24. Kf3 Bxg4+ 25. Kxg4 Qh3+ 0-1

[Event "Xtracon Open 2019"]
[Site "Helsingor"]
[Date "2019.07.23"]
[Round "5.17"]
[White "Thorsbro, Peter"]
[Black "Keinanen, Toivo"]
[Result "0-1"]
[WhiteElo "2199"]
[BlackElo "2386"]
[Annotator "NA"]
[PlyCount "122"]
[EventDate "2019.07.19"]
[EventType "swiss"]
[EventCountry "DEN"]
[SourceTitle "playchess.com"]
[Source "ChessBase"]
[SourceQuality "1"]

1. d4 d5 2. c4 e6 3. Nc3 c5 4. cxd5 exd5 5. dxc5 d4 6. Na4 b5 7. cxb6 axb6 8. b3 Nf6 9. e3 Bd7 10. exd4 Bb4+ 11. Bd2 Qe7+ 12. Be2 Ne4 13. Nf3 Bxa4 14. bxa4 Bxd2+ 15. Kf1 Ba5 16. Bb5+ Kd8 17. Qc2 Ra7 18. Ne5 Nd2+ 19. Kg1 Rc7 20. Qf5 f6 21. Nf3 Qe4 22. Qh3 Nd7 23. Nxd2 Bxd2 24. Qg3 Re8 25. h4 Qf4 26. Qxf4 Bxf4 27. g3 Bd2 28. Kg2 Re4 29. Rab1 Rxd4 30. Bxd7 Rdxd7 31. Rxb6 Rc2 32. Re6 Re7 33. Rxe7 Kxe7 34. Rb1 Rxa2 35. Rb7+ Kf8 36. h5 h6 37. Rb8+ Kf7 38. Rb7+ Kg8 39. Rb8+ Kh7 40. Kh3 Rxa4 41. Rb3 Ra5 42. Kg4 Rg5+ 43. Kh4 Be1 44. f4 Rc5 45. Re3 Ba5 46. Rb3 Rc3 47. Rb1 Bd8 48. Kg4 Be7 49. Rb7 Bc5 50. Rb2 Kg8 51. Rb8+ Kf7 52. Rb7+ Be7 53. Ra7 Rc5 54. Rb7 Rd5 55. Ra7 Rd3 56. Rb7 Re3 57. Ra7 Kg8 58. Ra8+ Kh7 59. Rb8 Bc5 60. Rb5 Bd4 61. Rd5 Bc3 0-1

[Event "Xtracon Open 2019"]
[Site "Helsingor"]
[Date "2019.07.23"]
[Round "5.17"]
[White "Larsen, Ulrik"]
[Black "Matthiesen, Martin"]
[Result "0-1"]
[WhiteElo "2039"]
[BlackElo "2239"]
[Annotator "NA"]
[PlyCount "51"]
[EventDate "2019.07.19"]
[EventType "swiss"]
[EventCountry "DEN"]
[SourceTitle "playchess.com"]
[Source "ChessBase"]
[SourceQuality "1"]

1. e4 c6 2. d4 d5 3. exd5 cxd5 4. c4 Nf6 5. Nc3 Nc6 6. Bg5 dxc4 7. Bxc4 h6 8. Be3 e6 9. Nf3 Bd6 10. Qe2 O-O 11. Rd1 a6 12. O-O b5 13. Bb3 Na5 14. Bc2 Bb7 15. Ne5 Rc8 16. f4 Nc4 17. Nxc4 Rxc4 18. Bb3 Rc7 19. d5 exd5 20. Bb6 Bc5+ 21. Bxc5 Rxc5 22. Rd4 Qb6 23. Kh1 Rc7 24. Rfd1 Re8 25. Qf3 Qxd4 26. Nb1 0-1

[Event "Xtracon Open 2019"]
[Site "Helsingor"]
[Date "2019.07.23"]
[Round "5.17"]
[White "Rolvag, Birk Anders"]
[Black "Lilja, Richard"]
[Result "0-1"]
[WhiteElo "1956"]
[BlackElo "2126"]
[Annotator "NA"]
[PlyCount "92"]
[EventDate "2019.07.19"]
[EventType "swiss"]
[EventCountry "DEN"]
[SourceTitle "playchess.com"]
[Source "ChessBase"]
[SourceQuality "1"]

1. e4 c5 2. Nc3 Nc6 3. g3 g6 4. Bg2 Bg7 5. d3 e6 6. Be3 d6 7. Nge2 Nd4 8. O-O Rb8 9. f4 Ne7 10. h3 b5 11. Qd2 b4 12. Nd1 O-O 13. g4 Nxe2+ 14. Qxe2 Ba6 15. f5 Nc6 16. Qd2 exf5 17. gxf5 f6 18. Bh6 g5 19. Bxg7 Kxg7 20. Ne3 Ne5 21. Rfd1 Re8 22. b3 Bb7 23. h4 gxh4 24. d4 cxd4 25. Qxd4 h3 26. Bh1 Rg8 27. Qxd6 Qxd6 28. Rxd6 Rbc8 29. Rad1 Rc3 30. Kf2 h2 31. Rd7+ Nxd7 32. Rxd7+ Kh6 33. Rxb7 Rg1 34. Bf3 Rxe3 35. Kxe3 Rg3 36. Kf2 Rxf3+ 37. Kg2 Rf2+ 38. Kh1 a5 39. Ra7 Rxc2 40. Rxa5 Kg5 41. Ra4 Kf4 42. Rxb4 Rxa2 43. Rc4 Rb2 44. Rc6 Re2 45. Rc7 h5 46. Rf7 Kg3 0-1

[Event "Xtracon Open 2019"]
[Site "Helsingor"]
[Date "2019.07.23"]
[Round "5.18"]
[White "Andre, Gordon"]
[Black "Schwarz, Frank"]
[Result "0-1"]
[WhiteElo "2381"]
[BlackElo "2224"]
[Annotator "NA"]
[PlyCount "74"]
[EventDate "2019.07.19"]
[EventType "swiss"]
[EventCountry "DEN"]
[SourceTitle "playchess.com"]
[Source "ChessBase"]
[SourceQuality "1"]

1. d4 e6 2. Nf3 Nf6 3. c4 d5 4. Nc3 Be7 5. Bg5 O-O 6. e3 Nbd7 7. Rc1 c6 8. a3 b6 9. cxd5 exd5 10. Bd3 Re8 11. O-O Bb7 12. Qc2 c5 13. Ne5 Nxe5 14. dxe5 Ne4 15. Bf4 Nxc3 16. bxc3 g6 17. Bb5 Rf8 18. Bh6 c4 19. Bxf8 Bxf8 20. Qb2 Bc5 21. Rcd1 Qe7 22. f4 Bxe3+ 23. Kh1 a6 24. Ba4 b5 25. Qe2 Bc5 26. Bc2 Bxa3 27. f5 Re8 28. e6 gxf5 29. Bxf5 fxe6 30. Bb1 Qg5 31. Rd4 Rf8 32. Qxe6+ Kh8 33. Rxf8+ Bxf8 34. h4 Qe7 35. Qf5 Qe1+ 36. Kh2 Bd6+ 37. Kh3 Qg3# 0-1